000 00269nam a22001217a 4500
020 _a978-9381714607
082 _a539.7
_bLIT
100 _aLittlefield
_91145
245 _aAtomic And Nuclear Physics
260 _aNewdelhi
_bMedtech
_c2014
300 _a476
942 _cBK
999 _c36112
_d36112